Nature's gambit : child prodigies and the development of human potential
Saved in:
| Main Author: | |
|---|---|
| Other Authors: | |
| Format: | Book |
| Language: | English |
| Published: |
New York :
Teachers College Press,
1991
|
| Series: | Education and psychology of the gifted series
|
| Subjects: | |
| Tags: |
Add Tag
No Tags, Be the first to tag this record!
|
MARC
| LEADER | 00000nam a2200000 i 4500 | ||
|---|---|---|---|
| 001 | 1/79853 | ||
| 008 | 990506s1991 eng d | ||
| 020 | |a 0-8077-3143-9 | ||
| 035 | |l 10050490 | ||
| 040 | |a GR-MY-UA |b gre |e aacr | ||
| 041 | 0 | |a eng | |
| 082 | 0 | |a 155.455 | |
| 100 | 1 | |a Feldman, David Henry. | |
| 245 | 1 | 0 | |a Nature's gambit : |b child prodigies and the development of human potential / |c David Henry Feldman, Lynn T. Goldsmith |
| 260 | |a New York : |b Teachers College Press, |c 1991 | ||
| 300 | |a 266 p. | ||
| 490 | 1 | |a Education and psychology of the gifted series | |
| 650 | 0 | 0 | |a Gifted children |x Case studies. |
| 650 | 0 | 0 | |a Genius |x Case studies. |
| 650 | 0 | 0 | |a Child development |x Case studies. |
| 650 | 0 | 0 | |a Gifted children |x Family relationships |x Case studies. |
| 650 | 0 | 0 | |a Gifted children |z United States |x Case studies. |
| 700 | 1 | |a Goldsmith, Lynn T. |d 1950- | |
| 830 | 0 | |a Education and psychology of the gifted series | |
| 852 | |a INST |b RHODES |e 19990506 |h 155.455 FEL |p 005400011796 |q 005400011796 |t BK |y 0 | ||
| 901 | |a BIBL-1999-1 | ||
| 909 | |a Ρ |b 065315 |c 1999 | ||
| 922 | |a 4ΕΛΗ |b 199903 | ||